| 000 | 00370nam a2200121Ia 4500 | ||
|---|---|---|---|
| 008 | 160609s9999 xx 000 0 und d | ||
| 100 | _aMangion, Claude. | ||
| 245 | _aPhilosophical Approaches To Communication | ||
| 245 | _cBy:Claude Mangion | ||
| 260 | _c2011 | ||
| 650 | _xINTRODUCTION TO COMMUNICATION THEORY | ||
| 856 | _uhttp://file.ebook777.com/007/PhiAppToCom.pdf | ||
| 999 |
_c295776 _d295776 |
||